Catalog

Record Details

Catalog Search



Učinky arteterapie na léčbu mentální anorexie : absolventská práce  Cover Image Book Book

Učinky arteterapie na léčbu mentální anorexie : absolventská práce / Markéta Stodolová ; vedoucí práce Ivana Čihánková

Record details

  • Physical Description: 50 stran : přílohy ; 31 cm

Content descriptions

Dissertation Note:
Absolventská práce (Dis.), Jabok - Vyšší odborná škola sociálně pedagogická a teologická, 2015
Bibliography, etc. Note:
Obsahuje bibliografii
Genre: absolventské práce

Available copies

  • 1 of 1 copy available at Common Catalog SPOK.

Holds

  • 0 current holds with 1 total copy.
Show Only Available Copies
Location Call Number / Copy Notes Barcode Shelving Location Status Due Date
Jabok Library ABP-2126 424480037270 Absolventské práce Reference -

Electronic resources

Version of Resource: Plný text


LDR ntm a22 i 4500
00123431
003CZ-PrJAB
00520180312111737.0
007ta
008 s2015 xr e 000 0 cze
040 . ‡aABG312 ‡bcze ‡erda
0410 . ‡acze ‡beng
072 7. ‡a616.89 ‡xPsychiatrie ‡2Konspekt ‡918
1001 . ‡aStodolová, Markéta ‡4aut
24510. ‡aUčinky arteterapie na léčbu mentální anorexie : ‡babsolventská práce / ‡cMarkéta Stodolová ; vedoucí práce Ivana Čihánková
264 0. ‡c2015
300 . ‡a50 stran : ‡bpřílohy ; ‡c31 cm
336 . ‡atext ‡btxt ‡2rdacontent
337 . ‡abez média ‡bn ‡2rdamedia
338 . ‡asvazek ‡bnc ‡2rdacarrier
502 . ‡aAbsolventská práce (Dis.), Jabok - Vyšší odborná škola sociálně pedagogická a teologická, 2015
504 . ‡aObsahuje bibliografii
6530 . ‡aarteterapie ‡amentální anorexie ‡aléčba ‡apacienti
655 7. ‡aabsolventské práce ‡7ph202176 ‡2czenas
7001 . ‡aČihánková, Ivana ‡4ths
7102 . ‡aJabok - Vyšší odborná škola sociálně pedagogická a teologická
85641. ‡uhttp://is.jabok.cz/th/i0j43/ ‡yPlný text
910 . ‡aABG312
901 . ‡a23431 ‡b ‡c23431 ‡tbiblio

Additional Resources